00878 a2200205 4500003000500000005001700005040000900022082001600031100004300047245014800090260003300238300001100271505014000282650002300422651002000445700004700465942001200512999001900524952012900543NUST20251121182034.0 cNust a621.382,IDR aIdrees , CSUO Fahad (TCC-17)9131994 aDevelopment of signaling system NO. 7 Protocol analyzer /cCSUO Fahad Idrees, NC Mohammad Naeem Adil, PC Suleman Khalid and GC M. Ali Sabahat.  aRawalpindibMCS (NUST)c2009 a74 p.; aIntroduction (Page-1), Literature review (Page-5), Results (Page-29), Discussion (Page-41), Conclusion (Page-50), References (Page-64). aUG Projects998716 aTCC-17B9131348 aSupervised by Lt Col Javed Hussain9131995 cPR2ddc c184025d184025 00102ddc4070aMCSbMCScREFd2016-12-12o621.382,IDRpMCSPTC-112r2016-12-08w2016-12-12yPRzAlmirah No. 94, Shelf No. 3